Tél

Bibliographic Details
Main Author: Füst, Milán, 1888-1967 (Author)
Format: Article
Language:Hungarian
Slovak
Subjects:

MARC

LEADER 00000nab a2200000 a 4500
001 vtls000710623
003 SK-MaSNL
005 20260302195329.0
008 160314c1999 xo 0 hun
015 |a SNBRB2000/01-02613 
035 |a CLN000062790 
040 |a SNKBUCL  |b slo  |c SNKBUCL  |e AACR2 
041 0 |a slo 
044 |a xo  |c SK 
080 |a 894.511-1=945.11  |2 UDC-MRF-SK2 
100 1 |a Füst, Milán,  |d 1888-1967  |4 aut  |9 118440 
245 1 0 |a Tél  |c Füst Milán 
504 |a Biogr. údaje 
650 0 7 |a lyrické básne, maďarské  |2 snkbucl  |9 71024 
773 0 |t Ifi  |g Roč. 9, č. 12 (1999), s. 39 
850 |a Slovenská národná knižnica v Martine 
852 |a SNK  |b KIS3GCP 
958 |a HU 
958 |a LX 
958 |a RBX 
999 |c 1452113  |d 1454043